000 00416nam a2200181Ia 4500
001 400
005 20260306140515.0
008 260306t2008||||xx |||||||||||||| ||spa||
041 _aESP
082 _a110
_bK21A
100 _aKant, Immanuel
_eAUT
245 0 _aLos progresos de la metafĂ­sica
260 _c2008
300 _a115 páginas :
_c22 cm.
650 _aGEN
654 _aCHU
942 _cLIB
_dJUS
_fJUS
_2ddc
_n
999 _c400
_d400